000 00566nam a2200169 i 4500
001 bg
100 1 _aBROL, Marian W.
245 0 _aIdentyfikacja procesów w zarządzaniu :
_bekonomiczne modele wymiarowe /
_cMarian W. Brol, Janusz Kroik, Krystyna Rosłanowska-Plichcińska ; pod red. Wiesława M. Grudzewskiego.
260 _aWarszawa,
_c1984.
700 1 _aKROIK, Janusz
700 1 _aROSŁANOWSKA-PLICHCIŃSKA, Krystyna
040 _cBPK
041 _apol
080 _a65.012.4:330.115:519.8](075.8)
942 _cKS
008 s pl f |000 0 pol
999 _c880
_d880
856 _uhttp://koha.tu.koszalin.pl/cgi-bin/koha/opac-detail.pl?biblionumber=880
_yKatalog online BPK